000
00320nam a2200145Ia 4500
100
_a
Pangarkar/ S.B.
650
_a
Carpentery
942
_c
BK
654
_a
Sampoorna Sutarkam
245
_a
Sampoorna Sutarkam
260
_b
Shri Babubhai Lakhani
_a
Bombay
_c
1965
082
_a
694
300
_a
216
546
_a
ENGLISH
999
_c
25532
_d
25532